Para una moral de la ambiguedad
Gorde:
| Egile nagusia: | |
|---|---|
| Formatua: | Liburua |
| Hizkuntza: | gaztelania |
| Argitaratua: |
Buenos Aires
Schapire
1956
|
| Saila: | Colección Tauro
|
| Gaiak: | |
| Etiketak: |
Etiketa erantsi
Etiketarik gabe, Izan zaitez lehena erregistro honi etiketa jartzen!
|
MARC
| LEADER | 00000nam a2200000 a 4500 | ||
|---|---|---|---|
| 001 | UCU3407 | ||
| 003 | CL-VaPUC | ||
| 008 | 960510e19560000AG |||||||||||||||||spa|d | ||
| 082 | 0 | 4 | |a 145.78 |b BEA |2 21 |
| 100 | 0 | |a Beauvoir, Simone de |e author |9 360333 | |
| 245 | 1 | 0 | |a Para una moral de la ambiguedad |
| 300 | |a 153 p | ||
| 942 | |c BK | ||
| 945 | |d 19960510 00:00:00 |a rleighto | ||
| 260 | |a Buenos Aires |b Schapire |c 1956 | ||
| 650 | 0 | |a Existencialismo |9 265698 | |
| 650 | 0 | |a Libertad |9 255686 | |
| 650 | 0 | |a Estética |9 264950 | |
| 650 | 0 | |a Filosofía |9 223554 | |
| 650 | 0 | |a Ética |9 255099 | |
| 583 | |a last modification |c 19960510 00:00:00 |k Rodrigo Vera | ||
| 490 | 0 | |a Colección Tauro | |
| 999 | |c 247425 |d 247423 | ||
| 952 | |0 0 |1 0 |4 0 |6 145_780000000000000_BEA_1956 |7 0 |8 A |9 263322 |a BIBEDU |b BIBEDU |d 2019-11-19 |i 3123383 |o 145.78 BEA 1956 |p 3123383 |r 2019-11-19 |w 2019-11-19 |y BK |k FIL | ||